02236nam a2200253uu 4500001000800000005001700008007001000025008004100035035001200076040001300088041000800101080000800109100004200117245015300159260004300312300001800355520125300373650003001626650003401656650004401690650004901734700005101783500014801834112669220260507085603.0cr|||||||090223e20090312 spa  a1126692 ccomduadb aspa aMIM10aBotero Vega, Carlos Alberto4auteaut10aEvaluación de la corrosividad de atmósferas colombianas y su impacto sobre el deterioro de algunos materiales empleados en el sector eléctrico aMedellín :b[sin publicador],c2009. a178 páginas3 aSe implementaron ensayos de corrosividad atmosférica en 21 sitios representativos de las diferentes agresividades posibles en Colombia, seleccionados estadísticamente con base en información meteorológica histórica de distintos sitios del país. En los sitios de ensayo se instalaron estaciones de corrosividad atmosférica compuestas por bastidores de exposición de placas metálicas planas de Acero al Carbono y Acero Galvanizado, captadores de contaminantes: cloruros y sulfatos, sensores de temperatura y humedad relativa. Se realizaron retiros bimensuales de muestras durante un año de exposición. Con base en la información levantada en campo se realizó una caracterización de las atmósferas según su agresividad para el primer año de exposición utilizando la norma ISO 9223. Mediante la aplicación de técnicas estadísticas de regresión se construyeron modelos predictivos de vida útil para cada uno de los materiales estudiados en cada una de las "familias" de agresividad halladas. Mediante la utilización de Sistemas de Información Geográfica (SIG's) y la aplicación de criterios técnicos de corrosión, se levantaron mapas de corrosividad atmosférica para los materiales estudiados. aCorrosión atmosférica aSector eléctrico - Colombia aMateriales resistentes a la corrosión aSistemas de Información Geográfica (SIG)10aCastaño González, Juan Guillermo4thseths aTesis (Maestría en Ingeniería con énfasis en Materiales) Universidad de Antioquia. Facultad de Ingeniería - Título del grado otorgado